Prokaryotic cells - AQA GCSE Biology - Statistics

General Stats
  • This quiz has been taken 36 times
  • The average score is 4 of 6
Answer Stats
Hint Answer % Correct
Do they have a nucleus? No
100%
What are prokaryotic? Bacteria
77%
What ____-celled are they? single
71%
What are the small rings of DNA called? Plasmids
55%
What are they smaller than? Eukaryotic cells
48%
How many loops of DNA do they have? A single loop
0%
No matching quizzes found
Score Distribution
Percent of People with Each Score
Percentile by Number Answered
Your Score History
You have not taken this quiz